000 01329mam a2200325 a 4500
001 2088659
003 ARRUPE
005 20161004090124.0
008 980222s1997 rh b b 001 0 eng d
020 _a177905050X (hb.)
020 _a1779050496 (pbk.)
035 _a(OCoLC)ocm38486865
035 _a(NNC)2088659
040 _aNDD
_cNDD
050 _aDT1058.R33M36 1997
092 _a305.800968
_bM271, R118, 1997
100 1 _aMandaza, Ibbo.
_923206
245 1 0 _aRace, colour & class in Southern Africa :
_ba study of the Coloured question in the context of an analysis of the colonial and white settler racial ideology, and African nationalism in twentieth century Zimbabwe, Zambia and Malawi /
_cby Ibbo Mandaza.
246 3 _aRace, colour and class in Southern Africa
260 _aHarare :
_bSapes Books,
_c1997.
300 _axli, 838 p.;
_bmap ;
_c24 cm.
490 1 _aSouthern African political economy series
504 _aIncludes bibliographical references (p. [825]-829) and index.
650 0 _aRacially mixed people
_zAfrica, Southern.
_xHistory
_926371
650 0 _aSocial classes
_zAfrica, Southern
_xHistory
_926372
651 0 _aAfrica, Southern
_xRace relations.
_xHistory
_926373
830 0 _aSouthern African political economy series.
_926374
942 _2lcc
_cMONOGRAPH
999 _c125404
_d125404